Time Saving Tips For Teachers (Record no. 24062)

MARC details
000 -LEADER
fixed length control field 00510nam a22001937a 4500
003 - CONTROL NUMBER IDENTIFIER
control field OSt
005 - DATE AND TIME OF LATEST TRANSACTION
control field 20260611160615.0
008 - FIXED-LENGTH DATA ELEMENTS--GENERAL INFORMATION
fixed length control field 260611b |||||||| |||| 00| 0 eng d
020 ## - INTERNATIONAL STANDARD BOOK NUMBER
International Standard Book Number 0761939148
040 ## - CATALOGING SOURCE
Transcribing agency Chuka University Library
050 ## - LIBRARY OF CONGRESS CALL NUMBER
Classification number LB 2838.8
Item number .W3 2003
100 ## - MAIN ENTRY--PERSONAL NAME
Personal name Wachter Joanne C.
9 (RLIN) 28736
245 ## - TITLE STATEMENT
Title Time Saving Tips For Teachers
250 ## - EDITION STATEMENT
Edition statement 2nd
260 ## - PUBLICATION, DISTRIBUTION, ETC.
Place of publication, distribution, etc. California
Name of publisher, distributor, etc. Corwin Press
Date of publication, distribution, etc. 2003
300 ## - PHYSICAL DESCRIPTION
Extent 135.p
650 ## - SUBJECT ADDED ENTRY--TOPICAL TERM
Topical term or geographic name entry element Teachers Time Management
9 (RLIN) 28737
942 ## - ADDED ENTRY ELEMENTS (KOHA)
Source of classification or shelving scheme Library of Congress Classification
Koha item type French Collection
Suppress in OPAC No

No items available.

Powered by Koha